Sports Quiz

Random Sports or Rugby Quiz

Premiership Rugby Grounds Quiz Stats

Quiz Updated Jul 27, 2017

Challenge
Share
Tweet
Embed
Score 0/34 Timer 10:00
1 Play Today
Number of games Ground % Correct
194Twickenham Stoop, Richmond, Greater London
77.4%
191Welford Road, Leicester
74.7%
40Twickenham Stadium, Richmond, Greater London
74.1%
187The Recreation Ground, Bath
70.7%
12Ricoh Arena
59.4%
210Kingsholm, Gloucester
59.1%
177Franklin's Gardens, Northampton
54%
102Adams Park, High Wycombe
48.2%
159Vicarage Road, Watford
47.3%
43Sandy Park, Exeter
45.3%
7Wembley Stadium, London
44.9%
98Sixways Stadium, Worcester
43.6%
151Madejski Stadium, Reading
40.6%
12Allianz Park, Barnet
40.5%
162Kingston Park, Newcastle
33.2%
97Headingley Carnegie, Leeds
27.9%
99Edgeley Park, Stockport
24.9%
Number of games Ground % Correct
9Kassam Stadium, Oxford
23.8%
57Loftus Road, Shepherd's Bush, London
19%
13Ashton Gate, Bristol
17.9%
2Walkers Stadium, Leicester
17.4%
20Salford City Stadium, Salford
16.8%
106Memorial Stadium, Bristol
15.9%
3stadium:mk, Milton Keynes
11.3%
1Reebok Stadium, Bolton
5.6%
68Heywood Road, Sale, Greater Manchester
5.4%
24Goldington Road, Bedford
5.3%
11Athletic Ground, Richmond
4%
11Clifton Lane, Rotherham
3.7%
10Millmoor, Rotherham
3.2%
24The Avenue, London
2.8%
1Don Valley Stadium, Sheffield
2.6%
13Victoria Park, Hartlepool
1.9%
5International Stadium, Gateshead
1.5%

You're not logged in!

Compare scores with friends on all Sporcle quizzes.
Sign Up with Email
OR
Log In

You Might Also Like...

Show Comments

Extras

Top Quizzes Today


Score Distribution

Your Account Isn't Verified!

In order to create a playlist on Sporcle, you need to verify the email address you used during registration. Go to your Sporcle Settings to finish the process.